000 00457nam a2200169Ia 4500
999 _c35457
_d35457
003 OSt
005 20201214120315.0
008 190216s9999||||xx |||||||||||||| ||und||
040 _coclc
082 _a613
_bREA/F
100 _aNull
245 0 _aFamily Medical Adviser /
260 _bDigest Association Ltd,
_c1983.
_aLondon:
300 _a624p
650 _aMedical Science And Diet
942 _cREF
_2ddc
_h613
_iREA/F
_k613
_mREA/F